Najpopularniejsze marki piwa (lagery) w Polsce - Statystyki

Ogólne statystyki
  • Ten quiz został rozwiązany 170 razy
  • Średni wynik to 6 z 10
Statystyki odpowiedzi
Marka % Poprawnych
Tyskie
87%
Żywiec
77%
Lech
71%
Warka
64%
Perła
61%
Heineken
56%
Carlsberg
46%
Łomża
44%
Kasztelan
38%
Zatecky
20%
Nie znaleziono quizów pasujących do podanych kryteriów
Rozkład punktacji
Procent ludzi z każdym wynikiem
Percentyl według liczby udzielonych odpowiedzi
Twoja historia wyników
Nie rozwiązałeś tego quizu